|
|
|
|
| LEADER |
00840nam a2200265 4500 |
| 001 |
DLU180186572 |
| 005 |
##20180830 |
| 040 |
# |
# |
|a DLU
|b vie
|
| 041 |
# |
# |
|a vie
|
| 044 |
# |
# |
|a vn
|
| 100 |
# |
# |
|a Hà Thu Thủy.
|
| 245 |
# |
# |
|a Vấn đề lao động xuất nhập cảnh trái phép qua biên giới Việt - Trung /
|c Hà Thu Thủy.
|
| 653 |
# |
# |
|a Biên giới Việt - Trung
|
| 653 |
# |
# |
|a Lao động xuất nhập cảnh trái phép
|
| 653 |
# |
# |
|a Quan hệ Việt - Trung
|
| 773 |
# |
# |
|t Nghiên cứu Trung Quốc
|g Số 12(196), 2017, tr. 63-72
|
| 920 |
# |
# |
|a Phòng Tạp chí -- Trung tâm Thông tin - Thư viện Trường Đại học Đà Lạt
|
| 994 |
# |
# |
|a DLU
|
| 900 |
# |
# |
|a True
|
| 911 |
# |
# |
|a Nguyễn Thị Thu Phương
|
| 925 |
# |
# |
|a G
|
| 926 |
# |
# |
|a A
|
| 927 |
# |
# |
|a BB
|
| 980 |
# |
# |
|a Thư viện Trường Đại học Đà Lạt
|